000 00280nam a22001337a 4500
008 170309b xxu||||| |||| 00| 0 eng d
020 _a9780781724821
041 _aeng
080 _a611
100 _a6
101 _aSHM
245 _aPHYSIOLOGY
_cCOSTANZO.S.L
942 _2udc
_cBK
999 _c7267
_d7267